Физика в повседневной жизни (Запись № 11559335)

Подробности
000 -МАРКЕР
контрольное поле 01338nam0a2200325 4500
001 - ИДЕНТИФИКАТОР ЗАПИСИ
контрольное поле RU\NLR\BIBL_A\011737171
005 - ИДЕНТИФИКАТОР ВЕРСИИ
контрольное поле 20180705103417.0
010 ## - МЕЖДУНАРОДНЫЙ СТАНДАРТНЫЙ НОМЕР КНИГИ (ISBN)
Номер (ISBN) 978-5-9710-5134-3
021 ## - НОМЕР ГОСУДАРСТВЕННОЙ РЕГИСТРАЦИИ
Код страны Российская Федерация
Номер КН-П-18-038556
Номер Листа государственной регистраци КН-П-18-2775
035 ## - ДРУГИЕ СИСТЕМНЫЕ НОМЕРА
Идентификатор записи (NLR Aleph) 011737171
035 ## - ДРУГИЕ СИСТЕМНЫЕ НОМЕРА
Идентификатор записи (RuMoRGB)009644619
100 ## - ДАННЫЕ ОБЩЕЙ ОБРАБОТКИ
Данные общей обработки 20180625d2018 u y0rusy50 ca
101 0# - ЯЗЫК РЕСУРСА
Язык текста, звукозаписи и т.д. русский
102 ## - СТРАНА ПУБЛИКАЦИИ ИЛИ ПРОИЗВОДСТВА
Страна публикации Российская Федерация
105 ## - ПОЛЕ КОДИРОВАННЫХ ДАННЫХ: ТЕКСТОВЫЕ МАТЕРИАЛЫ, МОНОГРАФИЧЕСКИЕ
Кодированные данные о монографическом текстовом документе a z 000zy
200 1# - ЗАГЛАВИЕ И СВЕДЕНИЯ ОБ ОТВЕТСТВЕННОСТИ
Основное заглавие Физика в повседневной жизни
Сведения, относящиеся к заглавию коллекция опытов в домашних условиях
Первые сведения об ответственности А. С. Дмитриев
205 ## - СВЕДЕНИЯ ОБ ИЗДАНИИ
Сведения об издании Новое, полноценное изд.
210 ## - ПУБЛИКАЦИЯ, РАСПРОСТРАНЕНИЕ И ДР.
Место издания, распространения и т.д. Москва
Имя издателя, распространителя и т. д. URSS
Дата издания, распространения и т.д. 2018
215 ## - ФИЗИЧЕСКАЯ ХАРАКТЕРИСТИКА
Специфическое обозначение материала и объем 284 с.
Другие сведения о физической характеристике цв. ил., табл.
Размеры 25
225 1# - СЕРИЯ
Основное заглавие серии Науку - Всем! Шедевры научно-популярной литературы
Наименование части Физика
Обозначение тома № 69
606 1# - НАИМЕНОВАНИЕ ТЕМЫ КАК ПРЕДМЕТ
Наименование темы Занимательная физика
Системный номер авторитетной/нормативной записи 2174935
Идентификатор авторитетной/нормативной записи RU\NLR\AUTH\661308097
686 ## - ИНДЕКСЫ ДРУГИХ КЛАССИФИКАЦИЙ
Индекс В3я92
Код системы
686 1# - ИНДЕКСЫ ДРУГИХ КЛАССИФИКАЦИЙ
Индекс В3я92
700 #1 - ИМЯ ЛИЦА - ПЕРВИЧНАЯ ОТВЕТСТВЕННОСТЬ
Графика поля Кириллица
Материалы, к которым относится поле rus
Начальный элемент ввода Дмитриев
Часть имени, кроме начального элемента ввода А. С.
Дополнения к именам, кроме дат физик-кибернетик, социолог
Даты 1961-
Расширение инициалов личного имени Александр Станиславович
Системный номер авторитетной/нормативной записи 63360
Идентификатор авторитетной/нормативной записи RU\NLR\AUTH\7780432
942 ## - ДОПОЛНИТЕЛЬНЫЕ ЭЛЕМЕНТЫ ЗАПИСИ (АБИС)
Тип экземпляра АБИС Книга
980 ## - КОЛЛЕКЦИЯ
Название коллекции НБР
980 ## - КОЛЛЕКЦИЯ
Название коллекции Национальная библиография

Нет доступных экземпляров.